IFM Opac

An ill-fated people (Record no. 18206)

MARC details
000 -LEADER
fixed length control field 00273nam a22001217a 4500
082 ## - DEWEY DECIMAL CLASSIFICATION NUMBER
Classification number 916.891 VAN
100 ## - MAIN ENTRY--PERSONAL NAME
Personal name Vambe, L
245 ## - TITLE STATEMENT
Title An ill-fated people
260 ## - PUBLICATION, DISTRIBUTION, ETC.
Place of publication, distribution, etc. Londan
Name of publisher, distributor, etc. Henemann
Date of publication, distribution, etc. 1972
300 ## - PHYSICAL DESCRIPTION
Extent xxiv, 254p.
Other physical details 24cm
650 ## - SUBJECT ADDED ENTRY--TOPICAL TERM
Topical term or geographic name entry element An ill-fated people
942 ## - ADDED ENTRY ELEMENTS (KOHA)
Koha item type Books
Holdings
Withdrawn status Lost status Source of classification or shelving scheme Damaged status Not for loan Home library Current library Shelving location Date acquired Full call number Barcode Date last seen Price effective from Koha item type
    Dewey Decimal Classification     IFM Main Campus Library IFM Main Campus Library   08/14/2017 916.891 VAN 0000011167 08/14/2017 08/14/2017 Books